000 00269nam a22001217a 4500
008 170628b xxu||||| |||| 00| 0 eng d
041 _aeng
080 _25TH
_a82
100 _a21
101 _aGJL
245 _aAMERICAN POETRY AND PROSE
_cFOERSTER,N
942 _2udc
_cBK
999 _c19375
_d19375